[Event "Quebec op U2000"]
[Site "Montreal CAN"]
[Date "2012.07.25"]
[Round "6"]
[White "Nikulich, Oleksandr"]
[Black "Zhang, John"]
[Result "0-1"]
[WhiteElo "1836"]
[BlackElo "1725"]
[PlyCount "86"]
[GameId "2160767909442382"]
[EventDate "2012.07.21"]
[EventType "swiss"]
[EventRounds "9"]
[EventCountry "CAN"]
[SourceTitle "EXT 2022"]
[Source "ChessBase"]
[SourceDate "2021.10.06"]
[SourceVersion "1"]
[SourceVersionDate "2021.10.06"]
[SourceQuality "1"]

1. Nf3 Nf6 2. c4 g6 3. g3 Bg7 4. Bg2 O-O 5. Nc3 d6 6. O-O e5 7. Qc2 Nc6 8. Rd1 Bf5 9. e4 Bg4 10. Ne2 Nd7 11. h3 Bxf3 12. Bxf3 Nc5 13. d3 Qd7 14. Bg2 f5 15. Be3 Ne6 16. exf5 Rxf5 17. Be4 Rf7 18. Qd2 Raf8 19. Rf1 Ne7 20. Bg2 Nf5 21. Rad1 c6 22. Qa5 b6 23. Qa4 b5 24. cxb5 cxb5 25. Qb3 a5 26. Bd5 Re8 27. Nc3 b4 28. Ne4 Kh8 29. Bxe6 Rxe6 30. Ng5 Ref6 31. Nxf7+ Rxf7 32. Kh2 d5 33. a3 Bf8 34. axb4 Bxb4 35. Bd2 Nd4 36. Qa2 Nf3+ 37. Kg2 Nxd2 38. Rfe1 Rxf2+ 39. Kxf2 Qf5+ 40. Kg2 Qf3+ 41. Kg1 Bc5+ 42. Kh2 Qf2+ 43. Kh1 Nf3 0-1

[Event "Quebec op U2000"]
[Site "Montreal CAN"]
[Date "2012.07.25"]
[Round "6"]
[White "Ouellet-Lahaie, Didier"]
[Black "Lalumiere, Claude"]
[Result "0-1"]
[WhiteElo "1728"]
[BlackElo "1825"]
[PlyCount "60"]
[GameId "2160767909442383"]
[EventDate "2012.07.21"]
[EventType "swiss"]
[EventRounds "9"]
[EventCountry "CAN"]
[SourceTitle "EXT 2022"]
[Source "ChessBase"]
[SourceDate "2021.10.06"]
[SourceVersion "1"]
[SourceVersionDate "2021.10.06"]
[SourceQuality "1"]

1. e4 c5 2. Nf3 d6 3. d4 cxd4 4. Nxd4 Nf6 5. Nc3 Nc6 6. Be2 g6 7. Be3 Bg7 8. Qd2 Bd7 9. O-O-O Rc8 10. Bh6 Nxe4 11. Nxe4 Bxd4 12. Rhe1 Be6 13. Bb5 Bb6 14. Qc3 Kd7 15. Nxd6 exd6 16. Rxd6+ Kxd6 17. Bf4+ Ke7 18. Bg5+ Kd6 19. Rd1+ Nd4 20. Rxd4+ Bxd4 21. Qxd4+ Bd5 22. Bf4+ Ke7 23. Qe5+ Be6 24. Bg5+ f6 25. Qxf6+ Kd6 26. Qd4+ Bd5 27. Bxd8 Rhxd8 28. b3 Ke6 29. Qg7 Be4 30. Bd7+ Rxd7 0-1

[Event "Quebec op U2000"]
[Site "Montreal CAN"]
[Date "2012.07.25"]
[Round "6"]
[White "Pichette, Mickaelin"]
[Black "Pilotte, Benoit"]
[Result "0-1"]
[WhiteElo "1863"]
[BlackElo "1823"]
[PlyCount "134"]
[GameId "2160767909442384"]
[EventDate "2012.07.21"]
[EventType "swiss"]
[EventRounds "9"]
[EventCountry "CAN"]
[SourceTitle "EXT 2022"]
[Source "ChessBase"]
[SourceDate "2021.10.06"]
[SourceVersion "1"]
[SourceVersionDate "2021.10.06"]
[SourceQuality "1"]

1. Nf3 h6 2. c4 g5 3. Qc2 Bg7 4. d4 g4 5. Nh4 e6 6. g3 Bxd4 7. Nc3 Nc6 8. a3 Bf6 9. Bf4 d6 10. O-O-O e5 11. Qe4 Bxh4 12. gxh4 f5 13. Qe3 Kf8 14. Bxe5 Nxe5 15. Qxe5 dxe5 16. Rxd8+ Ke7 17. Rd5 Kf6 18. Rb5 c6 19. Rb3 Ne7 20. h5 Rd8 21. h3 Rg8 22. hxg4 Rxg4 23. e4 fxe4 24. Be2 Rf4 25. Rg1 b6 26. Nd1 Be6 27. Rbg3 Rg8 28. Rxg8 Bxg8 29. Ne3 Be6 30. Rg2 Bh3 31. Rh2 Be6 32. Kd2 Bd7 33. Ke1 Be6 34. b3 Kf7 35. a4 a5 36. Bd1 Bc8 37. Ng2 Rf6 38. Bc2 Nf5 39. Bxe4 Nd4 40. Nh4 Rf4 41. f3 Ke6 42. Kf2 Nxb3 43. Ng6 Rf6 44. Bxc6 Nc5 45. Kg3 Rf5 46. Rb2 Kd6 47. Be8 Nxa4 48. Bxa4 Kc5 49. Ne7 Rg5+ 50. Kh4 Ba6 51. Bb5 Bb7 52. Rf2 e4 53. f4 Rg1 54. Re2 Kd4 55. Nf5+ Kc5 56. Nxh6 a4 57. Nf7 Bc8 58. h6 a3 59. Ne5 e3 60. Rh2 Bf5 61. Nf3 Rg4+ 62. Kh5 Rg3 63. Nh4 Bg4+ 64. Kg5 e2 65. Rxe2 Bxe2+ 66. Kf6 Bd3 67. f5 a2 0-1

[Event "Quebec op U2000"]
[Site "Montreal CAN"]
[Date "2012.07.25"]
[Round "6"]
[White "Sharpe, Michael"]
[Black "Le Bas, Nicolas"]
[Result "1-0"]
[WhiteElo "1491"]
[BlackElo "1655"]
[PlyCount "121"]
[GameId "2160767909442385"]
[EventDate "2012.07.21"]
[EventType "swiss"]
[EventRounds "9"]
[EventCountry "CAN"]
[SourceTitle "EXT 2022"]
[Source "ChessBase"]
[SourceDate "2021.10.06"]
[SourceVersion "1"]
[SourceVersionDate "2021.10.06"]
[SourceQuality "1"]

1. e4 e5 2. Nf3 Nc6 3. Nc3 Bc5 4. Bc4 d6 5. h3 f5 6. d3 f4 7. Bd2 h6 8. Qe2 Nf6 9. O-O-O g5 10. Nd5 Bd7 11. Bc3 Rf8 12. d4 exd4 13. Nxd4 Ne5 14. Nf3 Nxc4 15. Nxf6+ Rxf6 16. Bxf6 Qxf6 17. Qxc4 O-O-O 18. e5 Qg6 19. exd6 Bxd6 20. Nd4 Be5 21. Rhe1 Bg7 22. Ne6 Bxe6 23. Rxd8+ Kxd8 24. Qxe6 Qxe6 25. Rxe6 Kd7 26. Re4 Kd6 27. b3 Kd5 28. f3 a5 29. Kd2 Be5 30. Kd3 b6 31. Re2 c6 32. Re1 b5 33. c4+ Kd6 34. Rd1 Kc5 35. Ke4 Bb2 36. Rd2 Bf6 37. Rc2 Kb4 38. cxb5 cxb5 39. Kd5 a4 40. bxa4 Kxa4 41. Rc6 Bg7 42. Ke6 b4 43. Kf7 Kb5 44. Rc8 Bc3 45. Kg6 Be1 46. Kxh6 Bh4 47. Kg6 Ka4 48. Kf5 Ka3 49. Ra8+ Kb2 50. Ra4 Kc3 51. Ke4 Be1 52. Ra8 Kd2 53. Kf5 Bh4 54. Rc8 Kd3 55. Ke5 Bf2 56. Kf5 Bh4 57. Re8 Kc3 58. Re4 b3 59. axb3 Kxb3 60. Kg4 Kc3 61. Re5 1-0

[Event "Quebec op U2000"]
[Site "Montreal CAN"]
[Date "2012.07.25"]
[Round "6"]
[White "Villeneuve, Benoit"]
[Black "Perna-Fraser, David"]
[Result "1/2-1/2"]
[WhiteElo "1740"]
[BlackElo "1701"]
[PlyCount "45"]
[GameId "2160767909442386"]
[EventDate "2012.07.21"]
[EventType "swiss"]
[EventRounds "9"]
[EventCountry "CAN"]
[SourceTitle "EXT 2022"]
[Source "ChessBase"]
[SourceDate "2021.10.06"]
[SourceVersion "1"]
[SourceVersionDate "2021.10.06"]
[SourceQuality "1"]

1. e4 e5 2. Nf3 Nf6 3. Nxe5 d6 4. Nf3 Nxe4 5. d4 d5 6. Bd3 Bd6 7. O-O O-O 8. Nbd2 Re8 9. Re1 Bf5 10. Nf1 Nd7 11. Ne3 Be6 12. c3 c6 13. Qc2 f5 14. c4 Ndf6 15. b3 Bb4 16. Rf1 Bc3 17. Bb2 Bxb2 18. Qxb2 Nh5 19. cxd5 cxd5 20. Ne5 Qg5 21. Nf3 Qg6 22. Ne5 Qg5 23. Nf3 1/2-1/2

[Event "Quebec op U2000"]
[Site "Montreal CAN"]
[Date "2012.07.25"]
[Round "6"]
[White "Yao, Houji"]
[Black "Robichaud, Nicolas"]
[Result "0-1"]
[WhiteElo "1885"]
[BlackElo "1145"]
[PlyCount "108"]
[GameId "2160767909442387"]
[EventDate "2012.07.21"]
[EventType "swiss"]
[EventRounds "9"]
[EventCountry "CAN"]
[SourceTitle "EXT 2022"]
[Source "ChessBase"]
[SourceDate "2021.10.06"]
[SourceVersion "1"]
[SourceVersionDate "2021.10.06"]
[SourceQuality "1"]

1. e4 c5 2. Nf3 d6 3. d4 cxd4 4. Nxd4 Nf6 5. Nc3 g6 6. Be2 Bg7 7. Be3 O-O 8. O-O Nc6 9. Kh1 Bd7 10. f4 Qb6 11. Nxc6 Qxc6 12. e5 dxe5 13. fxe5 Ne4 14. Nxe4 Qxe4 15. Qxd7 Qxe3 16. Bc4 Qc5 17. Bb3 Bxe5 18. Qxb7 Rab8 19. Qe4 Bxb2 20. Rae1 Bf6 21. Re3 a5 22. c3 Rbc8 23. Ref3 Qa7 24. Bd5 Rxc3 25. Rxc3 Bxc3 26. Rxf7 Rxf7 27. Bxf7+ Kxf7 28. Qc4+ Kf8 29. Qxc3 Kg8 30. h3 Qa6 31. Qe5 Kf7 32. a4 Qf1+ 33. Kh2 Qf5 34. Qd4 g5 35. Kg1 Kg6 36. g4 Qb1+ 37. Kf2 Qc2+ 38. Kf3 Qc6+ 39. Kf2 Qf6+ 40. Ke3 Qxd4+ 41. Kxd4 Kf6 42. Kc5 Ke5 43. Kb5 Kd4 44. Kxa5 Kc5 45. Ka6 e5 46. a5 e4 47. Kb7 e3 48. a6 e2 49. a7 e1=Q 50. a8=Q Qe7+ 51. Ka6 Qe6+ 52. Kb7 Qd7+ 53. Kb8 Kb6 54. Qb7+ Qxb7# 0-1

[Event "Quebec op U2000"]
[Site "Montreal CAN"]
[Date "2012.07.26"]
[Round "7"]
[White "Alcantara, Maximo jr"]
[Black "Lalumiere, Claude"]
[Result "1/2-1/2"]
[WhiteElo "1757"]
[BlackElo "1825"]
[PlyCount "135"]
[GameId "2160767909442388"]
[EventDate "2012.07.21"]
[EventType "swiss"]
[EventRounds "9"]
[EventCountry "CAN"]
[SourceTitle "EXT 2022"]
[Source "ChessBase"]
[SourceDate "2021.10.06"]
[SourceVersion "1"]
[SourceVersionDate "2021.10.06"]
[SourceQuality "1"]

1. e4 c5 2. Nf3 d6 3. d4 cxd4 4. Nxd4 Nf6 5. Nd2 a6 6. Bc4 b5 7. Bb3 Bb7 8. O-O Nbd7 9. Re1 Qb6 10. Nf5 g6 11. Ng3 Bg7 12. c3 h5 13. Nf3 Ng4 14. Re2 h4 15. Nf1 Nde5 16. Ng5 e6 17. h3 Nf6 18. Be3 Qc7 19. f4 Nc4 20. Bd4 Rh5 21. Nd2 Nxb2 22. Qc2 Nc4 23. Bxc4 bxc4 24. Qa4+ Bc6 25. Qxc4 Qd7 26. a4 d5 27. Qb4 Bf8 28. Qb6 Be7 29. Rb1 Bd8 30. Qc5 dxe4 31. Bxf6 Bxf6 32. Ndxe4 Bxe4 33. Nxe4 Be7 34. Qc4 Rd5 35. Ree1 a5 36. Rb5 Rd3 37. Reb1 Rc8 38. Rb8 Qa7+ 39. Kh2 Rxb8 40. Qxd3 Rd8 41. Qb5+ Kf8 42. Qe5 Kg8 43. Nf6+ Bxf6 44. Qxf6 Rd2 45. Qxh4 Kg7 46. Qg5 Rd5 47. Qg3 Qd7 48. Ra1 Qd6 49. Rc1 Rd3 50. Qg5 Rd5 51. Qg3 Qa3 52. c4 Qxc1 53. cxd5 exd5 54. f5 Qa1 55. fxg6 fxg6 56. Qc7+ Kh6 57. Qxa5 Qe5+ 58. Kg1 Qe3+ 59. Kf1 Qc1+ 60. Ke2 Qc4+ 61. Kd1 Qb3+ 62. Kc1 Qc4+ 63. Kd2 Qd4+ 64. Kc2 Qc4+ 65. Kd1 Qb3+ 66. Ke1 Qe3+ 67. Kf1 Qc1+ 68. Kf2 1/2-1/2

[Event "Quebec op U2000"]
[Site "Montreal CAN"]
[Date "2012.07.26"]
[Round "7"]
[White "Balogh, Alex"]
[Black "Duplessis, Jean-Roch"]
[Result "1/2-1/2"]
[WhiteElo "1862"]
[BlackElo "1667"]
[PlyCount "88"]
[GameId "2160767909442389"]
[EventDate "2012.07.21"]
[EventType "swiss"]
[EventRounds "9"]
[EventCountry "CAN"]
[SourceTitle "EXT 2022"]
[Source "ChessBase"]
[SourceDate "2021.10.06"]
[SourceVersion "1"]
[SourceVersionDate "2021.10.06"]
[SourceQuality "1"]

1. d4 Nf6 2. c4 e5 3. dxe5 Ne4 4. a3 Nc6 5. Nf3 d6 6. exd6 Bxd6 7. e3 Bg4 8. Be2 Qe7 9. Nd4 Bxe2 10. Qxe2 O-O 11. Nf5 Qg5 12. Qf3 Rfe8 13. Nxd6 Nxd6 14. O-O Nxc4 15. Nc3 Nd6 16. Rd1 Qg6 17. Nd5 Rac8 18. Nf4 Qe4 19. Qxe4 Rxe4 20. Bd2 Ne7 21. Bb4 Ng6 22. Nxg6 hxg6 23. Rac1 Ree8 24. h3 a6 25. Kf1 Kf8 26. Ke2 Ke7 27. Rd5 Ke6 28. Rcd1 Nc4 29. b3 a5 30. bxc4 axb4 31. axb4 Ke7 32. Kf3 Ra8 33. b5 b6 34. R1d4 f6 35. g4 Ra2 36. Kg3 Rb2 37. e4 Rb3+ 38. f3 g5 39. Rd8 Kf7 40. R8d5 Rc3 41. Rd8 Ke7 42. R8d5 Kf7 43. Rd8 Ke7 44. R8d5 Kf7 1/2-1/2

[Event "Quebec op U2000"]
[Site "Montreal CAN"]
[Date "2012.07.26"]
[Round "7"]
[White "Baran, Marius"]
[Black "Johnson, Nicholas1"]
[Result "0-1"]
[WhiteElo "1788"]
[BlackElo "1725"]
[PlyCount "105"]
[GameId "2160767909442390"]
[EventDate "2012.07.21"]
[EventType "swiss"]
[EventRounds "9"]
[EventCountry "CAN"]
[SourceTitle "EXT 2022"]
[Source "ChessBase"]
[SourceDate "2021.10.06"]
[SourceVersion "1"]
[SourceVersionDate "2021.10.06"]
[SourceQuality "1"]

1. d4 d5 2. c4 c6 3. Nf3 Nf6 4. Nc3 dxc4 5. a4 Bf5 6. e3 e6 7. Bxc4 Bb4 8. O-O O-O 9. h3 h6 10. Bd3 Bxd3 11. Qxd3 Nbd7 12. Na2 Bd6 13. Nc3 Qe7 14. Re1 e5 15. e4 Rfd8 16. d5 cxd5 17. Nh4 dxe4 18. Nxe4 Nxe4 19. Nf5 Qf6 20. Qxe4 Nc5 21. Qg4 Qg6 22. Qxg6 fxg6 23. Ng3 Nb3 24. Rb1 Bb4 25. Rf1 Bd2 26. Ne4 Bxc1 27. Rbxc1 Nxc1 28. Rxc1 Rac8 29. Nc3 Rd4 30. Re1 e4 31. Nxe4 Rxa4 32. Nd6 Rc7 33. Re8+ Kh7 34. Rf8 g5 35. Nf7 g6 36. Nd6 Rb4 37. f3 Rxb2 38. Ne8 Re7 39. Nd6 a5 40. Ra8 Ra2 41. Ra7 a4 42. Kh2 Ra1 43. Nb5 Rg7 44. Nc3 b5 45. Ra8 Rb7 46. Nd5 Kg7 47. Ra6 b4 48. f4 b3 49. h4 b2 50. f5 Rh1+ 51. Kg3 gxf5 52. hxg5 b1=Q 53. gxh6+ 0-1

[Event "Quebec op U2000"]
[Site "Montreal CAN"]
[Date "2012.07.26"]
[Round "7"]
[White "Desmarais, Serge"]
[Black "Langlois-Remillard, Alexis"]
[Result "1-0"]
[WhiteElo "1633"]
[BlackElo "1783"]
[PlyCount "55"]
[GameId "2160767909442391"]
[EventDate "2012.07.21"]
[EventType "swiss"]
[EventRounds "9"]
[EventCountry "CAN"]
[SourceTitle "EXT 2022"]
[Source "ChessBase"]
[SourceDate "2021.10.06"]
[SourceVersion "1"]
[SourceVersionDate "2021.10.06"]
[SourceQuality "1"]

1. f4 g6 2. e4 Bg7 3. d4 d6 4. Nc3 Nf6 5. Be2 O-O 6. Nf3 c6 7. e5 dxe5 8. fxe5 Nd5 9. Nxd5 Qxd5 10. O-O c5 11. c4 Qd8 12. d5 Bf5 13. Bf4 Nd7 14. Bd3 Bxd3 15. Qxd3 Re8 16. Rae1 Nb6 17. b3 a5 18. Qe3 Qc8 19. Bh6 a4 20. Bxg7 Kxg7 21. Ng5 Rf8 22. Nxf7 Rxf7 23. Rxf7+ Kxf7 24. Rf1+ Kg7 25. e6 Qh8 26. Qxc5 Nc8 27. Qd4+ Kg8 28. Rf8+ 1-0

[Event "Quebec op U2000"]
[Site "Montreal CAN"]
[Date "2012.07.26"]
[Round "7"]
[White "Dubreuil, Raymond"]
[Black "Le Bas, Nicolas"]
[Result "0-1"]
[WhiteElo "1502"]
[BlackElo "1655"]
[PlyCount "94"]
[GameId "2160767909442392"]
[EventDate "2012.07.21"]
[EventType "swiss"]
[EventRounds "9"]
[EventCountry "CAN"]
[SourceTitle "EXT 2022"]
[Source "ChessBase"]
[SourceDate "2021.10.06"]
[SourceVersion "1"]
[SourceVersionDate "2021.10.06"]
[SourceQuality "1"]

1. e4 e5 2. Nf3 Nc6 3. Bb5 a6 4. Ba4 b5 5. Bb3 Nf6 6. O-O Be7 7. Re1 O-O 8. c3 d5 9. d4 dxe4 10. Nxe5 Bb7 11. Nxc6 Bxc6 12. Bg5 Nd5 13. Bxe7 Qxe7 14. Nd2 f5 15. c4 bxc4 16. Nxc4 Kh8 17. Ne3 Rad8 18. Rc1 Bb7 19. Rc5 c6 20. Nc4 Nf4 21. Ne5 Rd6 22. g3 Ne6 23. Rc4 c5 24. Qh5 Nxd4 25. Rxd4 cxd4 26. Nf7+ Rxf7 27. Qxf7 Qxf7 28. Bxf7 Bd5 29. Bxd5 Rxd5 30. Rc1 g5 31. Rc8+ Kg7 32. Rc7+ Kf6 33. Kf1 a5 34. Ke2 h5 35. Rc6+ Ke5 36. Rc8 f4 37. Re8+ Kf5 38. gxf4 Kxf4 39. Rf8+ Rf5 40. Rc8 d3+ 41. Kd2 Kf3 42. a3 Rb5 43. Rf8+ Kg2 44. b4 h4 45. f4 exf3 46. Kxd3 f2 47. Ke2 Re5+ 0-1

[Event "Quebec op U2000"]
[Site "Montreal CAN"]
[Date "2012.07.26"]
[Round "7"]
[White "Gauthier, Luc"]
[Black "Girard, Sylvain"]
[Result "1-0"]
[WhiteElo "1755"]
[BlackElo "1588"]
[PlyCount "20"]
[GameId "2160767909442393"]
[EventDate "2012.07.21"]
[EventType "swiss"]
[EventRounds "9"]
[EventCountry "CAN"]
[SourceTitle "EXT 2022"]
[Source "ChessBase"]
[SourceDate "2021.10.06"]
[SourceVersion "1"]
[SourceVersionDate "2021.10.06"]
[SourceQuality "1"]

1. e4 c6 2. d4 d5 3. exd5 cxd5 4. Bd3 Nc6 5. c3 Qc7 6. Ne2 Bg4 7. f3 Bd7 8. Bf4 e5 9. Bg3 Bd6 10. O-O Nge7 1-0

[Event "Quebec op U2000"]
[Site "Montreal CAN"]
[Date "2012.07.26"]
[Round "7"]
[White "Giroux, Robert"]
[Black "Pichette, Mickaelin"]
[Result "0-1"]
[WhiteElo "1845"]
[BlackElo "1863"]
[PlyCount "128"]
[GameId "2160767909442394"]
[EventDate "2012.07.21"]
[EventType "swiss"]
[EventRounds "9"]
[EventCountry "CAN"]
[SourceTitle "EXT 2022"]
[Source "ChessBase"]
[SourceDate "2021.10.06"]
[SourceVersion "1"]
[SourceVersionDate "2021.10.06"]
[SourceQuality "1"]

1. d4 d5 2. Nf3 c6 3. c4 dxc4 4. e3 b5 5. a4 Qb6 6. axb5 cxb5 7. b3 Bb7 8. bxc4 bxc4 9. Bxc4 Nd7 10. Nbd2 e5 11. Rb1 Bb4 12. Bxf7+ Ke7 13. O-O Nh6 14. Nc4 Qc6 15. d5 Qxc4 16. Be6 Ba6 17. Re1 Bxe1 18. Ba3+ Kf6 19. Qxe1 Nc5 20. Nd2 Nd3 21. Qd1 Qh4 22. Qf3+ Nf4 23. exf4 Qxf4 24. Ne4+ Kg6 25. Qxf4 exf4 26. Nc5 Rab8 27. Re1 Be2 28. f3 Bc4 29. Nd7 Bb5 30. Nxb8 Rxb8 31. Bd6 Ra8 32. Bxf4 Nf5 33. Bxf5+ Kxf5 34. Bc7 a5 35. d6 a4 36. g4+ Kf6 37. Bb6 Bc6 38. Bd4+ Kg5 39. Bxg7 Bxf3 40. h3 Bc6 41. Rc1 Rc8 42. Bb2 Kh4 43. Kh2 Rf8 44. Rxc6 Rf2+ 45. Kg1 Rxb2 46. Rc3 Rd2 47. Ra3 Rxd6 48. Rxa4 Kxh3 49. g5 Rg6 50. Ra5 h6 51. Ra3+ Kh4 52. Ra4+ Kh5 53. Kh2 hxg5 54. Kg3 Rb6 55. Ra3 Rb1 56. Rc3 Rg1+ 57. Kh2 Rg4 58. Rc6 Rd4 59. Kg3 Rd3+ 60. Kg2 Kh4 61. Rc4+ g4 62. Ra4 Rd2+ 63. Kg1 Kh3 64. Kf1 g3 0-1

[Event "Quebec op U2000"]
[Site "Montreal CAN"]
[Date "2012.07.26"]
[Round "7"]
[White "Jureidini, Gabriel"]
[Black "Benoit, Sebastien"]
[Result "0-1"]
[WhiteElo "1725"]
[BlackElo "1816"]
[PlyCount "110"]
[GameId "2160767909442395"]
[EventDate "2012.07.21"]
[EventType "swiss"]
[EventRounds "9"]
[EventCountry "CAN"]
[SourceTitle "EXT 2022"]
[Source "ChessBase"]
[SourceDate "2021.10.06"]
[SourceVersion "1"]
[SourceVersionDate "2021.10.06"]
[SourceQuality "1"]

1. e4 c5 2. Nf3 d6 3. d4 cxd4 4. Nxd4 Nf6 5. Nc3 a6 6. f3 e6 7. Be3 Nc6 8. Qd2 Be7 9. g4 Qc7 10. O-O-O b5 11. Kb1 Bb7 12. g5 Nd7 13. h4 O-O 14. h5 Nde5 15. Qf2 Rac8 16. Bh3 Nxd4 17. Bxd4 b4 18. Na4 Nxf3 19. Bb6 Qc6 20. Qxf3 Qxa4 21. Qe2 Qc6 22. Be3 Qxe4 23. Rhg1 Qf3 24. Qxf3 Bxf3 25. Rd4 d5 26. g6 Bxh5 27. gxf7+ Bxf7 28. Bh6 Bg6 29. Bxe6+ Kh8 30. Bxc8 Rxc8 31. Bf4 Bc5 32. Rxg6 Bxd4 33. Rxa6 Rf8 34. a4 bxa3 35. Rxa3 h6 36. Bd6 Rf6 37. Ra8+ Kh7 38. Rd8 Bb6 39. Rd7 Rg6 40. Be5 Rg5 41. Bf6 Rg4 42. Rb7 Be3 43. Re7 Bf4 44. Be5 Bd2 45. c3 h5 46. b4 h4 47. b5 h3 48. Rf7 Bxc3 49. Bd6 Rg2 50. Rf3 h2 51. Rh3+ Kg8 52. Bxh2 Rb2+ 53. Kc1 d4 54. Rh5 d3 55. Bf4 Ra2 0-1

[Event "Quebec op U2000"]
[Site "Montreal CAN"]
[Date "2012.07.26"]
[Round "7"]
[White "Lelievre, Aldo"]
[Black "Sharpe, Michael"]
[Result "1-0"]
[WhiteElo "1497"]
[BlackElo "1491"]
[PlyCount "75"]
[GameId "2160767909442396"]
[EventDate "2012.07.21"]
[EventType "swiss"]
[EventRounds "9"]
[EventCountry "CAN"]
[SourceTitle "EXT 2022"]
[Source "ChessBase"]
[SourceDate "2021.10.06"]
[SourceVersion "1"]
[SourceVersionDate "2021.10.06"]
[SourceQuality "1"]

1. e4 c5 2. Nf3 d6 3. Bc4 e6 4. O-O Nf6 5. Nc3 a6 6. a4 b6 7. Ne2 Nxe4 8. d4 d5 9. Ba2 Be7 10. c4 Nf6 11. Nf4 Bb7 12. Be3 O-O 13. Qc2 dxc4 14. dxc5 Bxf3 15. gxf3 bxc5 16. Bxc4 Bd6 17. Rad1 Qe7 18. Nh3 Nc6 19. Kh1 Ne5 20. Be2 Rfd8 21. Rc1 Qb7 22. Ng5 Neg4 23. Bxc5 Bxc5 24. Qxc5 Rd5 25. Qc6 Qxc6 26. Rxc6 Nxf2+ 27. Rxf2 Rxg5 28. Bxa6 Rd8 29. Rd2 Nd5 30. b4 Rb8 31. b5 Kf8 32. Rb2 Ke8 33. Rc8+ Rxc8 34. Bxc8 Nb6 35. a5 Nxc8 36. b6 Nd6 37. a6 Nb5 38. b7 1-0

[Event "Quebec op U2000"]
[Site "Montreal CAN"]
[Date "2012.07.26"]
[Round "7"]
[White "Nazarian, Arash"]
[Black "Mathews, Theo"]
[Result "1-0"]
[WhiteElo "1379"]
[BlackElo "1677"]
[PlyCount "150"]
[GameId "2160767909442397"]
[EventDate "2012.07.21"]
[EventType "swiss"]
[EventRounds "9"]
[EventCountry "CAN"]
[SourceTitle "EXT 2022"]
[Source "ChessBase"]
[SourceDate "2021.10.06"]
[SourceVersion "1"]
[SourceVersionDate "2021.10.06"]
[SourceQuality "1"]

1. Nf3 d5 2. d4 f5 3. Bf4 Nf6 4. Nbd2 e6 5. Rc1 Bd6 6. Bxd6 Qxd6 7. e3 f4 8. Bd3 fxe3 9. fxe3 Nbd7 10. Qe2 O-O 11. O-O e5 12. Bf5 e4 13. Ng5 Nb6 14. Bxc8 Raxc8 15. c4 Qe7 16. Nh3 c6 17. c5 Nbd7 18. a4 b6 19. b4 bxc5 20. bxc5 Rb8 21. Qa6 Rb2 22. Qe2 Rfb8 23. Rb1 Qd8 24. Rxb2 Rxb2 25. Rb1 Qb8 26. Qd1 Qb4 27. Rxb2 Qxb2 28. Nf4 Kf7 29. Nf1 Nb8 30. Qd2 Qxd2 31. Nxd2 Ng4 32. Nf1 g5 33. Ne2 Ke6 34. h3 Nf6 35. Nd2 Kd7 36. g4 Kc7 37. Ng3 Kb7 38. Kg2 Ka6 39. Nb3 Kb7 40. Nh5 Nxh5 41. gxh5 Nd7 42. h4 gxh4 43. Kh3 h6 44. Kxh4 Nf6 45. Nc1 Kc7 46. Nb3 Kd7 47. Nd2 Ke6 48. Nf1 Ne8 49. Ng3 Ng7 50. a5 Kf6 51. Kg4 a6 52. Kf4 Ne6+ 53. Kg4 Ng7 54. Kf4 Ne6+ 55. Kg4 Nd8 56. Nf5 Nb7 57. Nxh6 Nxa5 58. Ng8+ Kf7 59. Nh6+ Kf6 60. Kf4 Nc4 61. Ng4+ Kg7 62. Ne5 a5 63. Nxc6 a4 64. Nb4 Kh6 65. Nxd5 a3 66. Nc3 Kxh5 67. Kxe4 Kg5 68. c6 Kf6 69. d5 Ke7 70. Kd4 Nd6 71. Na2 Nf5+ 72. Kd3 Kd6 73. e4 Ne7 74. Kc4 Ng6 75. Kb3 Ne7 1-0

[Event "Quebec op U2000"]
[Site "Montreal CAN"]
[Date "2012.07.26"]
[Round "7"]
[White "Noritsyn, Sergey"]
[Black "Ouellet-Lahaie, Didier"]
[Result "1/2-1/2"]
[WhiteElo "1723"]
[BlackElo "1728"]
[PlyCount "91"]
[GameId "2160767909442398"]
[EventDate "2012.07.21"]
[EventType "swiss"]
[EventRounds "9"]
[EventCountry "CAN"]
[SourceTitle "EXT 2022"]
[Source "ChessBase"]
[SourceDate "2021.10.06"]
[SourceVersion "1"]
[SourceVersionDate "2021.10.06"]
[SourceQuality "1"]

1. e4 c5 2. Nf3 d6 3. c3 g6 4. d4 cxd4 5. cxd4 Bg7 6. Bc4 Nf6 7. Nc3 O-O 8. Qe2 Nc6 9. O-O Bg4 10. Be3 Nxe4 11. Bxf7+ Rxf7 12. Nxe4 Bxf3 13. gxf3 d5 14. Ng5 Rf5 15. Ne6 Qd6 16. Nxg7 Kxg7 17. Kh1 Raf8 18. f4 Rh5 19. Rg1 Rff5 20. Rg2 Qb4 21. a3 Qb3 22. Rag1 Rh4 23. Rg4 Rxg4 24. Rxg4 Qc4 25. Qd1 Nb8 26. Rg5 e6 27. Bd2 Qd3 28. Rg3 Qb5 29. a4 Qb6 30. Rb3 Qc7 31. Rc3 Nc6 32. b4 Qd7 33. b5 Na5 34. Rg3 Nc4 35. Qc2 Qd6 36. Rf3 Rf7 37. Qd3 Rc7 38. f5 exf5 39. Bf4 Qe7 40. Bxc7 Qxc7 41. Rg3 Qf4 42. Kg2 Kf6 43. Qc3 Qe4+ 44. Kf1 h5 45. Qb4 Kf7 46. Qc3 1/2-1/2

[Event "Quebec op U2000"]
[Site "Montreal CAN"]
[Date "2012.07.26"]
[Round "7"]
[White "Perna-Fraser, David"]
[Black "Chevalier, Francois"]
[Result "1/2-1/2"]
[WhiteElo "1701"]
[BlackElo "1808"]
[PlyCount "56"]
[GameId "2160767909442399"]
[EventDate "2012.07.21"]
[EventType "swiss"]
[EventRounds "9"]
[EventCountry "CAN"]
[SourceTitle "EXT 2022"]
[Source "ChessBase"]
[SourceDate "2021.10.06"]
[SourceVersion "1"]
[SourceVersionDate "2021.10.06"]
[SourceQuality "1"]

1. d4 Nf6 2. c4 c5 3. d5 b5 4. cxb5 a6 5. bxa6 g6 6. Nc3 Bxa6 7. Nf3 d6 8. Nd2 Bg7 9. e4 Bxf1 10. Nxf1 O-O 11. Ne3 Nbd7 12. O-O Qa5 13. Qc2 Rfb8 14. Bd2 Ne8 15. f4 Nc7 16. a4 Qa6 17. b3 Bd4 18. Kh1 Bxe3 19. Bxe3 c4 20. bxc4 Qxc4 21. Rfb1 Nc5 22. Bxc5 Qxc5 23. Qd2 Qc4 24. h3 Na6 25. e5 Nc5 26. Rxb8+ Rxb8 27. Rd1 Nxa4 28. Nxa4 Qxa4 1/2-1/2

[Event "Quebec op U2000"]
[Site "Montreal CAN"]
[Date "2012.07.26"]
[Round "7"]
[White "Pilotte, Benoit"]
[Black "Cote-Lalumiere, Tristan"]
[Result "1/2-1/2"]
[WhiteElo "1823"]
[BlackElo "1866"]
[PlyCount "83"]
[GameId "2160767909442400"]
[EventDate "2012.07.21"]
[EventType "swiss"]
[EventRounds "9"]
[EventCountry "CAN"]
[SourceTitle "EXT 2022"]
[Source "ChessBase"]
[SourceDate "2021.10.06"]
[SourceVersion "1"]
[SourceVersionDate "2021.10.06"]
[SourceQuality "1"]

1. g3 d5 2. Bg2 Bf5 3. d3 e6 4. a3 Nf6 5. b3 Bd6 6. Bb2 c6 7. Nd2 Nbd7 8. h3 Qc7 9. e4 dxe4 10. dxe4 Bg6 11. Nc4 Be5 12. Nxe5 Nxe5 13. Qd4 Ned7 14. O-O-O c5 15. Qe3 O-O 16. Ne2 Rab8 17. e5 Nd5 18. Bxd5 exd5 19. Rxd5 c4 20. b4 Nb6 21. Rc5 Qe7 22. Nf4 Na4 23. Nxg6 hxg6 24. Rxc4 b5 25. Rf4 Rfc8 26. Rd1 Qe6 27. Kb1 Rc7 28. Qd3 g5 29. Rd4 Nxb2 30. Rd8+ Rxd8 31. Qxd8+ Kh7 32. Kxb2 Qxe5+ 33. Qd4 Qe8 34. h4 Rc4 35. Qd3+ g6 36. h5 Qe5+ 37. c3 Rc6 38. hxg6+ Rxg6 39. Rh1+ Kg7 40. Qd4 Qxd4 41. cxd4 Rf6 42. f4 1/2-1/2